<?xml version="1.0" encoding="UTF-8"?>
<record
    xmlns:xsi="http://www.w3.org/2001/XMLSchema-instance"
    xsi:schemaLocation="http://www.loc.gov/MARC21/slim http://www.loc.gov/standards/marcxml/schema/MARC21slim.xsd"
    xmlns="http://www.loc.gov/MARC21/slim">

  <leader>01218nam a2200277 i 4500</leader>
  <controlfield tag="001">80275</controlfield>
  <controlfield tag="003">ES-MaACL</controlfield>
  <controlfield tag="005">20250812024130.0</controlfield>
  <controlfield tag="007">t|</controlfield>
  <controlfield tag="008">041027m19841987sp           ||||1| spa d</controlfield>
  <datafield tag="020" ind1=" " ind2=" ">
    <subfield code="a">84-206-9812-1</subfield>
  </datafield>
  <datafield tag="080" ind1=" " ind2=" ">
    <subfield code="a">7.031/.032</subfield>
  </datafield>
  <datafield tag="245" ind1="0" ind2="0">
    <subfield code="a">Historia ilustrada de las formas art&#xED;sticas / </subfield>
    <subfield code="c">[traductores Jes&#xFA;s Villaverde y Pablo Mart&#xED;n].</subfield>
  </datafield>
  <datafield tag="250" ind1=" " ind2=" ">
    <subfield code="a">1&#xAA; ed. en El libro de bolsillo.</subfield>
  </datafield>
  <datafield tag="260" ind1=" " ind2=" ">
    <subfield code="a">Madrid : </subfield>
    <subfield code="b">Alianza Editorial, </subfield>
    <subfield code="c">1984-1987.</subfield>
  </datafield>
  <datafield tag="300" ind1=" " ind2=" ">
    <subfield code="a">12 v. : </subfield>
    <subfield code="b">il. ; </subfield>
    <subfield code="c">18 cm.</subfield>
  </datafield>
  <datafield tag="490" ind1="1" ind2=" ">
    <subfield code="a">El libro de bolsillo. Arte ; </subfield>
    <subfield code="v">1016, 1028, 1045, 1056, 1073, 1084, 1105, 1123, 1153, 1178, 1199, 1200</subfield>
  </datafield>
  <datafield tag="505" ind1="8" ind2=" ">
    <subfield code="a">Contiene: 1. Oriente Medio - 2. Egipto - 3. Grecia - 4. Etruria y Roma - 5. El mundo cristiano hasta el siglo XI - 6. El mundo bizantino - 7. El rom&#xE1;nico y los comienzos del g&#xF3;tico - 8. El g&#xF3;tico - 9-12. Asia</subfield>
  </datafield>
  <datafield tag="650" ind1=" " ind2="4">
    <subfield code="a">Arte-</subfield>
    <subfield code="v">Historia</subfield>
    <subfield code="9">10107</subfield>
  </datafield>
  <datafield tag="700" ind1="1" ind2=" ">
    <subfield code="a">Villaverde, Jes&#xFA;s.</subfield>
    <subfield code="9">115177</subfield>
  </datafield>
  <datafield tag="700" ind1="1" ind2=" ">
    <subfield code="a">Mart&#xED;n, Pablo.</subfield>
    <subfield code="9">77361</subfield>
  </datafield>
  <datafield tag="830" ind1="1" ind2="3">
    <subfield code="a">El libro de bolsillo. </subfield>
    <subfield code="p">Arte</subfield>
    <subfield code="v">1016, 1028, 1045, 1056, 1073, 1084, 1105, 1123, 1153, 1178, 1199, 1200</subfield>
    <subfield code="9">182950</subfield>
  </datafield>
  <datafield tag="852" ind1=" " ind2=" ">
    <subfield code="a">ES-MaACL</subfield>
    <subfield code="j">C-19358-69   </subfield>
    <subfield code="d">Olim: P-442</subfield>
  </datafield>
  <datafield tag="942" ind1=" " ind2=" ">
    <subfield code="2">udc</subfield>
  </datafield>
  <datafield tag="999" ind1=" " ind2=" ">
    <subfield code="c">80275</subfield>
    <subfield code="d">80275</subfield>
  </datafield>
  <datafield tag="952" ind1=" " ind2=" ">
    <subfield code="0">0</subfield>
    <subfield code="1">0</subfield>
    <subfield code="4">0</subfield>
    <subfield code="7">0</subfield>
    <subfield code="a">ATENEOM</subfield>
    <subfield code="b">ATENEOM</subfield>
    <subfield code="c">MES</subfield>
    <subfield code="d">2008-01-17</subfield>
    <subfield code="e">SC</subfield>
    <subfield code="l">0</subfield>
    <subfield code="o">C-19358-69</subfield>
    <subfield code="p">1083932</subfield>
    <subfield code="r">2023-02-23 00:00:00</subfield>
    <subfield code="w">2023-02-23</subfield>
    <subfield code="y">MONOGRAFIA</subfield>
  </datafield>
</record>
